00639 2200229 4500001002100000005001500021035002000036007000300056008004100059020002200100082001000122084001600132100001900148245004200167250002000209260006800229300003200297650002000329650002600349856001800375990001600393INLIS00000000000019720250710024023 a0010-0725000197ta250710 a 0 ind  a978-623-307-244-3 a741.5 a741.5 YUL j0 aYulianti, Yeni1 aJeruk Sambas Maklong /cYeni Yulianti aCetakan Pertama aJakarta Timur :bBadan Pengembangan dan Pembinaan Bahasa,c2024 a24 hlm. :bIlus. ;c29,7 cm 4akomik-indonesia 4aLiterasi-Bahan Bacaan aTBM As-suhada aTBM00540054